| Tag |
First Indicator |
Second Indicator |
Subfields |
| LEADER |
00000cam a22000001a 4500 |
| 001 |
in00002391817 |
| 005 |
20151109070432.0 |
| 008 |
781121s1932 enkaf 000 1 eng |
| 010 |
|
|
|a 32032405
|
| 029 |
1 |
|
|a NLGGC
|b 24643208X
|
| 029 |
1 |
|
|a AU@
|b 000023597513
|
| 035 |
|
|
|a (OCoLC)ocm04392267
|
| 035 |
|
|
|a (OCoLC)4392267
|
| 040 |
|
|
|a DLC
|c CUI
|d DLC
|d OCLCQ
|d NUI
|d OCLCQ
|d OCLCG
|d TXA
|d UtOrBLW
|
| 043 |
|
|
|a e-ie---
|
| 049 |
|
|
|a TXAM
|
| 050 |
0 |
0 |
|a PR6029.F5
|b W5 1932
|
| 100 |
1 |
|
|a O'Flaherty, Liam,
|d 1896-1984.
|
| 240 |
1 |
0 |
|a Short stories.
|k Selections
|
| 245 |
1 |
4 |
|a The wild swan :
|b and other stories /
|c by Liam O'Flaherty ; with a frontispiece by P.V. Moon and a foreword by Rhys Davies ; being no. 10 of the Furnival books.
|
| 264 |
|
1 |
|a London :
|b W. Jackson [i.e. Joiner & Steele)],
|c [1932]
|
| 300 |
|
|
|a 60 pages, 1 unnumbered page, 1 unnumbered leaf of plates :
|b illustrations ;
|c 26 cm.
|
| 336 |
|
|
|a text
|b txt
|2 rdacontent
|
| 337 |
|
|
|a unmediated
|b n
|2 rdamedia
|
| 338 |
|
|
|a sheet
|b nb
|2 rdacarrier
|
| 490 |
1 |
|
|a Furnival books,
|v no. 10
|
| 500 |
|
|
|a Of this book there have been printed at the Chiswick press 550 copies, signed by the author, of which 500 only are for sale.
|
| 500 |
|
|
|a The Cushing Library Lit/Mitchell copy is number 11 of 550 copies.
|
| 500 |
|
|
|a Label on title page: "The Furnival books are now published by Joiner & Steele ... the name "William Jackson (books) ltd." has been retained on the title page in order that the set of twelve books may be typographically uniform."
|
| 505 |
0 |
|
|a The wild swan.--It was the devil's work.--Unclean.
|
| 651 |
|
0 |
|a Ireland
|x Social life and customs
|v Fiction.
|
| 700 |
1 |
|
|a Moon, P. V.,
|e illustrator.
|
| 700 |
1 |
|
|a Davies, Rhys,
|d 1901-1978,
|e editor.
|
| 830 |
|
0 |
|a Furnival books ;
|v no. 10.
|
| 994 |
|
|
|a C0
|b TXA
|
| 948 |
|
|
|a cataloged
|b h
|c 2008/6/17
|d c
|e blrosas
|f 3:56:58 pm
|
| 999 |
|
|
|a MARS
|
| 999 |
f |
f |
|s 7c80c2b0-8dfe-3af0-868f-87e9eb6aad1f
|i 660bf65a-4b25-3d49-8757-8cd15a785703
|t 0
|
| 952 |
f |
f |
|p noncirc
|a Texas A&M University
|b College Station
|c Cushing Memorial Library & Archives
|d Cushing: Literature/Mitchell (Does not check out)
|t 0
|e PR6029.F5 W5 1932
|h Library of Congress classification
|i unmediated -- sheet
|
| 998 |
f |
f |
|a PR6029.F5 W5 1932
|t 0
|l Cushing: Literature/Mitchell (Does not check out)
|